[Event "Swiss Queens Wed #16"]
[Site "FIDE Online Arena INT"]
[Date "2024.05.15"]
[Round "3"]
[White "Kubicka, Anna"]
[Black "Sara, Masood Abdullah"]
[Result "1-0"]
[WhiteElo "2292"]
[BlackElo "1808"]
[PlyCount "59"]
[EventDate "2024.05.15"]
[EventType "swiss (blitz)"]
[EventRounds "11"]
[EventCountry "NET"]
[SourceTitle "CB21_2024"]
[SourceDate "2024.05.22"]
[SourceVersion "1"]
[SourceVersionDate "2024.05.22"]
[SourceQuality "1"]

1. d4 Nf6 2. Bg5 d5 3. Bxf6 exf6 4. e3 Bd6 5. Nd2 0-0 6. c4 dxc4 7. Bxc4 Bf5 8. Ne2 Re8 9. Ng3 Bg6 10. 0-0 Nc6 11. Nf3 f5 12. Ne2 Bh5 13. a3 Qf6 14. Ng3 Bg6 15. Bb5 f4 16. Bxc6 bxc6 17. exf4 Bxf4 18. Re1 Re7 19. Rxe7 Qxe7 20. Qa4 Qd6 21. Re1 h6 22. Qc4 Qd5 23. Qxd5 cxd5 24. Ne5 Bh7 25. Nc6 Bd6 26. b4 Kf8 27. Ne2 a5 28. Nc3 axb4 29. axb4 Ra2 30. Nxd5 1-0

[Event "Olympiad Women-44"]
[Site "Chennai"]
[Date "2022.08.09"]
[Round "11.2"]
[White "Sara, Masood Abdullah"]
[Black "Oviedo Acosta, Paula"]
[Result "1-0"]
[WhiteElo "1677"]
[BlackElo "1855"]
[PlyCount "109"]
[EventDate "2022.07.29"]
[EventType "team-swiss"]
[EventRounds "11"]
[EventCountry "IND"]
[SourceTitle "CBM 210"]
[Source "ChessBase"]
[SourceDate "2022.10.31"]
[SourceVersion "1"]
[SourceVersionDate "2022.10.31"]
[SourceQuality "1"]
[WhiteTeam "Iraq (W)"]
[BlackTeam "Paraguay (W)"]
[WhiteTeamCountry "IRQ"]
[BlackTeamCountry "PAR"]

1. e4 c5 2. Nf3 e6 3. d4 cxd4 4. Nxd4 a6 5. Nc3 b5 6. a3 Bb7 7. Be2 Qc7 8. 0-0 d6 9. f4 Nd7 10. Kh1 Ngf6 11. Bf3 Be7 12. Qe1 Rc8 13. Be3 0-0 14. Qg3 Rfe8 15. Rad1 Bf8 16. f5 d5 17. fxe6 Qxg3 18. exf7+ Kxf7 19. hxg3 dxe4 20. Bh5+ g6 21. Bg4 Re7 22. Bg5 Bg7 23. Ne6 Ne5 24. Bxf6 Nxg4 25. Ng5+ Ke8 26. Bxe7 h6 27. Ngxe4 Bxe4 28. Nxe4 Kxe7 29. Rfe1 Be5 30. c3 Rc6 31. Kg1 Ke6 32. Nf2 Nxf2 33. Kxf2 Rc7 34. Rd4 Rf7+ 35. Rf4 Rd7 36. Rfe4 Rd2+ 37. Kf3 Rd3+ 38. R1e3 Rd5 39. b3 Kf6 40. c4 bxc4 41. Rxc4 Rd6 42. Ke4 Bb2 43. a4 h5 44. b4 Rd2 45. Rc6+ Kg5 46. Rd3 Rxg2 47. Kf3 Rg1 48. Rd5+ Kh6 49. Rdd6 Bg7 50. Rxg6+ Kh7 51. Rxa6 Rf1+ 52. Kg2 Rb1 53. b5 Rb2+ 54. Kh3 Rb1 55. Rge6 1-0

[Event "Olympiad Women-44"]
[Site "Chennai"]
[Date "2022.08.06"]
[Round "8.1"]
[White "Hng, Mei En Emmanuelle"]
[Black "Sara, Masood Abdullah"]
[Result "1-0"]
[WhiteElo "1997"]
[BlackElo "1677"]
[PlyCount "81"]
[EventDate "2022.07.29"]
[EventType "team-swiss"]
[EventRounds "11"]
[EventCountry "IND"]
[SourceTitle "CBM 210"]
[Source "ChessBase"]
[SourceDate "2022.10.31"]
[SourceVersion "1"]
[SourceVersionDate "2022.10.31"]
[SourceQuality "1"]
[WhiteTeam "Singapore (W)"]
[BlackTeam "Iraq (W)"]
[WhiteTeamCountry "SIN"]
[BlackTeamCountry "IRQ"]

1. e4 e6 2. d3 d5 3. Qe2 Be7 4. Nf3 Nf6 5. g3 c5 6. Bg2 Nc6 7. 0-0 0-0 8. Re1 b5 9. Nbd2 a5 10. a4 Nb4 11. Nf1 bxa4 12. exd5 Nfxd5 13. c3 Nc6 14. Rxa4 Ba6 15. N1d2 Nb6 16. Qe4 Nxa4 17. Qxc6 Nb6 18. Ne5 Rc8 19. Qf3 Bf6 20. Ndc4 Nxc4 21. Nxc4 Bxc4 22. dxc4 Qb6 23. h4 Rcd8 24. h5 e5 25. h6 Rd6 26. Qg4 g6 27. Bd5 Rfd8 28. Qf3 R8d7 29. g4 Qd8 30. Be3 e4 31. Qxe4 Re7 32. Qf4 Be5 33. Qf3 Rf6 34. Qd1 Qc7 35. Bg5 Bh2+ 36. Kh1 Rxe1+ 37. Qxe1 Re6 38. Bxe6 fxe6 39. Qxe6+ Kf8 40. Bf6 Bf4 41. Bg7+ 1-0

[Event "Olympiad Women-44"]
[Site "Chennai"]
[Date "2022.07.29"]
[Round "1.1"]
[White "Sara, Masood Abdullah"]
[Black "Batsiashvili, Nino"]
[Result "0-1"]
[WhiteElo "1677"]
[BlackElo "2466"]
[PlyCount "84"]
[EventDate "2022.07.29"]
[EventType "team-swiss"]
[EventRounds "11"]
[EventCountry "IND"]
[SourceTitle "CBM 210"]
[Source "ChessBase"]
[SourceDate "2022.10.31"]
[SourceVersion "1"]
[SourceVersionDate "2022.10.31"]
[SourceQuality "1"]
[WhiteTeam "Iraq (W)"]
[BlackTeam "Georgia (W)"]
[WhiteTeamCountry "IRQ"]
[BlackTeamCountry "GEO"]

1. e4 c6 2. d4 d5 3. exd5 cxd5 4. Bd3 Nf6 5. c3 Bg4 6. Qb3 Qc7 7. Bg5 e6 8. Nd2 Nc6 9. Ngf3 Bd6 10. 0-0 0-0 11. Rae1 Bh5 12. Qc2 Bg6 13. g3 Nb4 14. cxb4 Qxc2 15. Bxc2 Bxc2 16. Rc1 Bd3 17. Rfe1 Bxb4 18. Re3 Ba6 19. Bxf6 gxf6 20. a3 Bd6 21. Nb3 Rac8 22. Rec3 b6 23. Rc6 Rfd8 24. Nbd2 Kf8 25. b4 Rxc6 26. Rxc6 Ke7 27. Kg2 Kd7 28. Rc3 Rc8 29. Nb1 Rxc3 30. Nxc3 Bc4 31. Nd2 a5 32. bxa5 bxa5 33. Ndb1 e5 34. dxe5 fxe5 35. f3 f5 36. a4 d4 37. Nb5 Bxb5 38. axb5 Bb4 39. Kf2 a4 40. Ke2 a3 41. Nxa3 Bxa3 42. Kd3 Kc7 0-1

[Event "IRQ-ch (Women)"]
[Site "Baghdad"]
[Date "2021.11.01"]
[Round "9"]
[White "Nihad, Sabah Noori"]
[Black "Sara, Masood Abdullah"]
[Result "0-1"]
[WhiteElo "1552"]
[BlackElo "1647"]
[PlyCount "70"]
[EventDate "2021.10.27"]
[EventType "tourn"]
[EventRounds "13"]
[EventCountry "IRQ"]
[SourceTitle "EXT 2023"]
[Source "ChessBase"]
[SourceDate "2022.10.05"]
[SourceVersion "1"]
[SourceVersionDate "2022.10.05"]
[SourceQuality "1"]

1. e4 e6 2. Nf3 d5 3. e5 c5 4. b4 c4 5. c3 Bd7 6. d4 cxd3 7. Bxd3 Ne7 8. a3 Ng6 9. h4 Qc7 10. Bxg6 hxg6 11. Ra2 Be7 12. Qd3 g5 13. Bxg5 Bxg5 14. Nxg5 Qxe5+ 15. Re2 Qf4 16. g3 Qc1+ 17. Qd1 Qxd1+ 18. Kxd1 Bb5 19. Re3 Nd7 20. Rhe1 Ke7 21. Nf3 Rhe8 22. Nd4 Ba4+ 23. Kc1 Kf8 24. Nd2 Rac8 25. Kb2 g6 26. N2f3 Nb6 27. Nd2 Bd7 28. N4b3 Na4+ 29. Kc2 e5 30. Nc5 Bf5+ 31. Kb3 Nxc5+ 32. bxc5 Rxc5 33. Rxe5 Rec8 34. R5e3 Be6 35. Kb2 d4 0-1

[Event "Online Olym Div2 B"]
[Site "Chess.com INT"]
[Date "2021.09.04"]
[Round "7.4"]
[White "Sara, Masood Abdullah"]
[Black "Chua, Jia Tien"]
[Result "0-1"]
[WhiteElo "1683"]
[BlackElo "1822"]
[PlyCount "62"]
[EventDate "2021.09.02"]
[EventType "team (rapid)"]
[EventRounds "9"]
[EventCountry "USA"]
[SourceTitle "CBM 204 Extra"]
[Source "ChessBase"]
[SourceDate "2021.11.30"]
[SourceVersion "1"]
[SourceVersionDate "2021.11.30"]
[SourceQuality "1"]
[WhiteTeam "Iraq"]
[BlackTeam "Malaysia"]
[WhiteTeamCountry "IRQ"]
[BlackTeamCountry "MAS"]

1. d4 d5 2. c4 c6 3. Nf3 Nf6 4. Nc3 dxc4 5. e3 b5 6. a4 b4 7. Na2 e6 8. Bxc4 Be7 9. 0-0 0-0 10. Ne5 Bb7 11. a5 Qxa5 12. Bd2 Qb6 13. Qa4 a5 14. Rfc1 Rd8 15. Bd3 c5 16. h3 cxd4 17. exd4 Qxd4 18. Rc7 Qxe5 19. Rxb7 Nbd7 20. Be3 Nc5 21. Bxc5 Bxc5 22. Rd1 Qxb2 23. Qc2 Qxc2 24. Bxc2 Rxd1+ 25. Bxd1 Rd8 26. Ba4 g6 27. Nc1 Rd2 28. Nb3 Bxf2+ 29. Kf1 Ra2 30. Rb5 Ne4 31. Rxa5 Ng3# 0-1

[Event "Online Olym Div3 B"]
[Site "Chess.com INT"]
[Date "2021.08.29"]
[Round "8.1"]
[White "Sara, Masood Abdullah"]
[Black "Murad, Fatema Alzahraa"]
[Result "1-0"]
[WhiteElo "1683"]
[BlackElo "1872"]
[PlyCount "97"]
[EventDate "2021.08.27"]
[EventType "team-tourn (rapid)"]
[EventRounds "9"]
[EventCountry "USA"]
[SourceTitle "CBM 204 Extra"]
[Source "ChessBase"]
[SourceDate "2021.11.30"]
[SourceVersion "1"]
[SourceVersionDate "2021.11.30"]
[SourceQuality "1"]
[WhiteTeam "Iraq"]
[BlackTeam "Syria"]
[WhiteTeamCountry "IRQ"]
[BlackTeamCountry "SYR"]

1. d3 e6 2. e4 d5 3. exd5 exd5 4. d4 Nf6 5. Nf3 Bd6 6. Bd3 h6 7. 0-0 0-0 8. Re1 Bg4 9. h3 Bh5 10. Nbd2 Nbd7 11. b3 Re8 12. Bb2 Bb4 13. c3 Bd6 14. Qc2 Nf8 15. Rxe8 Qxe8 16. Re1 Qc6 17. Ne5 Bxe5 18. dxe5 Re8 19. c4 Bg6 20. Re3 N6d7 21. Qc3 f6 22. Bxg6 Nxg6 23. exf6 Nxf6 24. Rxe8+ Qxe8 25. cxd5 Nf4 26. Qe5 N4xd5 27. Nc4 Qxe5 28. Bxe5 Nd7 29. Bb2 Nb4 30. a3 Nd3 31. Bd4 b6 32. b4 c5 33. bxc5 bxc5 34. Bc3 Nb6 35. Nd6 Kf8 36. Kf1 Nf4 37. h4 Nfd5 38. Ba1 c4 39. Ne4 g6 40. Ke2 Ke7 41. Kd2 Ke6 42. Bd4 a6 43. g4 Na4 44. f3 Nab6 45. Bxb6 Nxb6 46. Nc5+ Ke5 47. Nxa6 Kf4 48. Ke2 c3 49. Nb4 1-0

[Event "Arab-chT (Women)"]
[Site "Hammamet"]
[Date "2019.03.03"]
[Round "1.2"]
[White "Chihi, Malak"]
[Black "Sara, Masood Abdullah"]
[Result "0-1"]
[WhiteElo "1599"]
[BlackElo "1682"]
[PlyCount "66"]
[EventDate "2019.03.03"]
[EventType "team-tourn"]
[EventRounds "6"]
[EventCountry "TUN"]
[SourceTitle "CBM 190 Extra"]
[Source "ChessBase"]
[SourceDate "2019.07.15"]
[SourceVersion "1"]
[SourceVersionDate "2019.07.15"]
[SourceQuality "1"]
[WhiteTeam "Tunisia (W)"]
[BlackTeam "Iraq (W)"]
[WhiteTeamCountry "TUN"]
[BlackTeamCountry "IRQ"]

1. e4 e6 2. d4 d5 3. exd5 exd5 4. Bd3 c5 5. dxc5 Bxc5 6. Bf4 Qb6 7. Qe2+ Be6 8. Be5 Ne7 9. Nd2 Nbc6 10. Ngf3 Nd4 11. Nxd4 0-0 12. N4b3 Bd6 13. Nf3 Ng6 14. 0-0 Bg4 15. Qd1 Nxe5 16. Be2 Qc7 17. Nxe5 Bxe2 18. Qxe2 Bxe5 19. c3 Bxh2+ 20. Kh1 Rfe8 21. Qd3 Re6 22. g3 Rh6 23. Kg2 Qd7 24. Rh1 Qh3+ 25. Kf3 Re8 26. Nd4 Rf6+ 27. Nf5 Rxf5+ 28. Qxf5 Qxf5+ 29. Kg2 Re2 30. Raf1 Bxg3 31. Kxg3 Re6 32. f3 Qg5+ 33. Kf2 Qe3+ 0-1

[Event "Erbil Khanzad Cup 10th"]
[Site "Erbil"]
[Date "2018.04.19"]
[Round "4"]
[White "Sara, Masood Abdullah"]
[Black "Baktiar, Hamd Mohammed"]
[Result "0-1"]
[WhiteElo "1659"]
[BlackElo "1899"]
[PlyCount "166"]
[EventDate "2018.04.18"]
[EventType "swiss"]
[EventRounds "9"]
[EventCountry "IRQ"]
[SourceTitle "CBM 184 Extra"]
[Source "ChessBase"]
[SourceDate "2018.06.28"]
[SourceVersion "1"]
[SourceVersionDate "2018.06.28"]
[SourceQuality "1"]

1. Nf3 c5 2. c4 Nf6 3. g3 Nc6 4. Bg2 d5 5. 0-0 dxc4 6. Qa4 Bd7 7. Qxc4 e6 8. b3 a6 9. Bb2 b5 10. Qc1 Rc8 11. d3 Be7 12. Nbd2 Qb6 13. Ne5 Nxe5 14. Bxe5 0-0 15. Ne4 Ng4 16. Bb2 f5 17. Qc3 Rf7 18. Nd2 Bc6 19. Nf3 Qb7 20. h3 Nf6 21. Ne1 Nd5 22. Qd2 Rcf8 23. f4 c4 24. dxc4 bxc4 25. bxc4 Ne3 26. Qxe3 Qxb2 27. Nd3 Qb7 28. Bxc6 Qxc6 29. Kh2 Bf6 30. Rac1 Rd8 31. Rc2 Bd4 32. Qd2 Qe4 33. Nf2 Qa8 34. Qc1 Qa7 35. Nd3 Rb7 36. c5 Rc7 37. Rc4 Rd5 38. Rd1 Bxc5 39. Nxc5 Rdxc5 40. Rxc5 Rxc5 41. Rd8+ Kf7 42. Qd2 Rc7 43. Kg2 Qb7+ 44. Kf2 Qb6+ 45. Qd4 Qxd4+ 46. Rxd4 Ke7 47. Ke3 Rc5 48. a4 h6 49. Kd3 Rc1 50. Ke3 g5 51. Kf3 Rh1 52. Kg2 Ra1 53. fxg5 hxg5 54. h4 g4 55. e4 Ra2+ 56. Kg1 Rb2 57. exf5 exf5 58. Rc4 Kd6 59. Rd4+ Ke5 60. Rf4 a5 61. Kf1 Rb4 62. h5 Rxf4+ 63. gxf4+ Kf6 64. Kf2 Kg7 65. Kg3 Kh7 66. Kf2 Kh6 67. Kg3 Kh7 68. Kg2 Kh6 69. Kf2 Kxh5 70. Kg3 Kg6 71. Kf2 Kf7 72. Ke3 Ke6 73. Kd4 Kd6 74. Kc4 g3 75. Kb5 g2 76. Kxa5 Kc5 77. Ka6 g1Q 78. a5 Qg6+ 79. Ka7 Qd6 80. Kb7 Qc6+ 81. Ka7 Kb5 82. a6 Qc7+ 83. Ka8 Kb6 0-1

[Event "IRQ-ch Women"]
[Site "Baghdad"]
[Date "2017.08.16"]
[Round "9"]
[White "Sara, Masood Abdullah"]
[Black "Abdulzahra, Sali Abbas"]
[Result "0-1"]
[WhiteElo "1633"]
[BlackElo "1752"]
[PlyCount "102"]
[EventDate "2017.08.11"]
[EventType "swiss"]
[EventRounds "9"]
[EventCountry "IRQ"]
[SourceTitle "CBM 180 Extra"]
[Source "ChessBase"]
[SourceDate "2017.10.06"]
[SourceVersion "1"]
[SourceVersionDate "2017.10.06"]
[SourceQuality "1"]

1. e4 e6 2. d4 d5 3. exd5 exd5 4. Bd3 Bd6 5. Nf3 Ne7 6. 0-0 0-0 7. Re1 Bf5 8. Bxf5 Nxf5 9. Nc3 c6 10. Qd3 Nh4 11. Bd2 Nxf3+ 12. Qxf3 Qh4 13. h3 Qxd4 14. Rad1 Qh4 15. Re2 Nd7 16. Rde1 h6 17. a3 Qf6 18. Qxf6 Nxf6 19. Be3 Rfe8 20. Bd4 Rxe2 21. Rxe2 Nd7 22. f3 f6 23. Kf1 Kf7 24. a4 Nf8 25. b3 Ne6 26. Bf2 Nf4 27. Re1 Bb4 28. Re3 g5 29. Nb1 d4 30. Re4 c5 31. Be1 f5 32. Rxf4 gxf4 33. Bxb4 cxb4 34. Nd2 Rc8 35. Nc4 Ke6 36. Ke2 Kd5 37. Kd3 Rg8 38. Nd2 Rxg2 39. h4 Rh2 40. a5 Rxh4 41. Nc4 Rh2 42. Nd2 h5 43. Nc4 h4 44. a6 bxa6 45. Nd2 Rxd2+ 46. Kxd2 h3 47. Ke2 h2 48. Kf2 h1Q 49. Ke2 Qg2+ 50. Ke1 Qxc2 51. Kf1 d3 0-1

[Event "IRQ-ch Women"]
[Site "Baghdad"]
[Date "2017.08.13"]
[Round "5"]
[White "Al Rajab, Maha Layth Ismael"]
[Black "Sara, Masood Abdullah"]
[Result "0-1"]
[WhiteElo "1760"]
[BlackElo "1633"]
[PlyCount "98"]
[EventDate "2017.08.11"]
[EventType "swiss"]
[EventRounds "9"]
[EventCountry "IRQ"]
[SourceTitle "CBM 180 Extra"]
[Source "ChessBase"]
[SourceDate "2017.10.06"]
[SourceVersion "1"]
[SourceVersionDate "2017.10.06"]
[SourceQuality "1"]

1. d4 Nf6 2. f3 d6 3. e4 Nbd7 4. Bd3 e5 5. Ne2 Be7 6. c4 0-0 7. Nbc3 c6 8. Be3 Re8 9. Qd2 Nf8 10. 0-0-0 a5 11. d5 Bd7 12. f4 Ng4 13. g3 Nxe3 14. Qxe3 Ng6 15. Kb1 a4 16. f5 Nf8 17. h4 h6 18. Qf2 Qa5 19. Rc1 Reb8 20. g4 Qd8 21. g5 Nh7 22. gxh6 gxh6 23. Qe3 Qf8 24. Ng3 Nf6 25. Be2 Kh7 26. Nh5 Nxh5 27. Bxh5 Bf6 28. Rcg1 Qe7 29. Ne2 Rg8 30. Bg4 Rad8 31. Nc3 c5 32. a3 b6 33. h5 Bg5 34. Qh3 Qf6 35. Bd1 Ra8 36. Qf3 Rgb8 37. Qe2 Qd8 38. Bc2 f6 39. Qd1 Qe8 40. Rg2 b5 41. cxb5 Bxb5 42. Nxb5 Qxb5 43. Bd3 c4 44. Bf1 Qc5 45. Ka2 c3 46. Rc2 Qb6 47. bxc3 Qb3+ 48. Ka1 Qxa3+ 49. Ra2 Qxc3+ 0-1

[Event "IRQ-ch Women"]
[Site "Baghdad"]
[Date "2017.08.12"]
[Round "3"]
[White "Jalaluldeen, Kareen Kamal J"]
[Black "Sara, Masood Abdullah"]
[Result "0-1"]
[WhiteElo "1742"]
[BlackElo "1633"]
[PlyCount "123"]
[EventDate "2017.08.11"]
[EventType "swiss"]
[EventRounds "9"]
[EventCountry "IRQ"]
[SourceTitle "CBM 180 Extra"]
[Source "ChessBase"]
[SourceDate "2017.10.06"]
[SourceVersion "1"]
[SourceVersionDate "2017.10.06"]
[SourceQuality "1"]

1. d4 Nf6 2. Nf3 d6 3. c4 Nbd7 4. Nc3 e5 5. Bg5 Be7 6. e3 0-0 7. Bd3 c6 8. 0-0 Ne8 9. Bxe7 Qxe7 10. Qc2 Ndf6 11. h3 Bd7 12. Rad1 Nc7 13. Rfe1 Rae8 14. dxe5 dxe5 15. Ng5 h6 16. Nh7 Nxh7 17. Bxh7+ Kh8 18. Bf5 Bxf5 19. Qxf5 Rd8 20. a3 Qe6 21. Qxe6 Nxe6 22. b4 f5 23. Kf1 g6 24. Ke2 Kg7 25. f3 Kf6 26. Rxd8 Rxd8 27. Rd1 Rxd1 28. Kxd1 Ke7 29. h4 b6 30. Kd2 Kd7 31. Kd3 Kd6 32. g4 Ng7 33. Ne2 Ke6 34. a4 a6 35. b5 cxb5 36. cxb5 axb5 37. axb5 Kd5 38. gxf5 gxf5 39. Nc3+ Kc5 40. f4 e4+ 41. Kd2 Ne6 42. Kc2 Kc4 43. Ne2 Kxb5 44. Ng3 Ng7 45. Ne2 Kc4 46. Nd4 b5 47. Kd2 b4 48. Kc2 h5 49. Nb3 Ne6 50. Nd2+ Kb5 51. Nb3 Kc6 52. Nd2 Nc5 53. Nc4 Nd3 54. Kb3 Kc5 55. Nd2 Kb5 56. Nf1 Nc5+ 57. Kb2 Ka4 58. Ng3 Nd3+ 59. Kb1 Ka3 60. Nxh5 b3 61. Nf6 Nxf4 62. Nxe4 0-1